000
00288nam a22001097a 4500
999
_c
67592
_d
67589
082
_a
362.880
_b
HYD
100
_a
Hyder, Ghulam
245
_a
Honour killing and the status of woman in Pakistan
260
_a
Pakistan,
_b
National Institute of Pakistan:
_c
2007.
300
_a
212p.
942
_c
BK